平成に消滅・改称した青森県の市町村 - Statistics

General Stats
  • This quiz has been taken 30 times
  • The average score is 32 of 41
Answer Stats
変更年月日 変更内容 回答 変更後の市町村 % Correct
2005.03/31 新設合併 深浦町 深浦町
95%
2005.03/31 新設合併 東北町 東北町
95%
2005.01/01 新設合併 十和田市 十和田市
89%
2005.01/01 新設合併 十和田湖町 十和田市
89%
2005.03/28 新設合併 藤崎町 藤崎町
89%
2005.03/28 新設合併 中里町 中泊町
89%
2005.04/01 新設合併 青森市 青森市
89%
2006.02/27 新設合併 弘前市 弘前市
89%
2005.03/28 新設合併 五所川原市 五所川原市
84%
2005.03/28 新設合併 市浦村 五所川原市
84%
2005.03/31 新設合併 七戸町 七戸町
84%
2005.03/31 新設合併 上北町 東北町
84%
2005.04/01 新設合併 浪岡町 青森市
84%
2006.01/01 新設合併 南部町 南部町
84%
2006.03/01 新設合併 百石町 おいらせ町
84%
2005.02/11 新設合併 木造町 つがる市
79%
2005.03/14 編入合併 大畑町 むつ市
79%
2005.03/14 編入合併 脇野沢村 むつ市
79%
2005.03/28 新設合併 三厩村 外ヶ浜町
79%
2005.03/28 新設合併 小泊村 中泊町
79%
2005.03/31 新設合併 岩崎村 深浦町
79%
2005.03/31 新設合併 天間林村 七戸町
79%
2006.01/01 新設合併 碇ヶ関村 平川市
79%
2004.07/01 編入合併 倉石村 五戸町
74%
2005.02/11 新設合併 車力村 つがる市
74%
2005.03/28 新設合併 金木町 五所川原市
74%
2005.03/28 新設合併 蟹田町 外ヶ浜町
74%
2005.03/28 新設合併 常盤村 藤崎町
74%
2005.03/31 編入合併 南郷村 八戸市
74%
2006.01/01 新設合併 平賀町 平川市
74%
2006.02/27 新設合併 岩木町 弘前市
74%
2006.03/01 新設合併 下田町 おいらせ町
74%
2005.02/11 新設合併 森田村 つがる市
68%
2005.03/14 編入合併 川内町 むつ市
68%
2006.01/01 新設合併 名川町 南部町
68%
2005.02/11 新設合併 柏村 つがる市
63%
2005.02/11 新設合併 稲垣村 つがる市
63%
2005.03/28 新設合併 平舘村 外ヶ浜町
63%
2006.02/27 新設合併 相馬村 弘前市
63%
2006.01/01 新設合併 福地村 南部町
58%
2006.01/01 新設合併 尾上町 平川市
53%
No matching quizzes found
Score Distribution
Percent of People with Each Score
Percentile by Number Answered
Your Score History
You have not taken this quiz